[Event "SVK-chT2D 2324"]
[Site "Slovakia"]
[Date "2024.02.11"]
[Round "9.7"]
[White "Bednar, Jozef"]
[Black "Sutak, Andrej"]
[Result "1-0"]
[WhiteElo "1881"]
[BlackElo "1655"]
[PlyCount "99"]
[EventDate "2023.10.07"]
[EventType "team-tourn"]
[EventRounds "11"]
[EventCountry "SVK"]
[SourceTitle "EXT 2025"]
[Source "ChessBase"]
[SourceDate "2024.10.14"]
[SourceVersion "1"]
[SourceVersionDate "2024.10.14"]
[SourceQuality "1"]
[WhiteTeam "Moldava nad Bodvou"]
[BlackTeam "Humenne Reinter III"]
[WhiteTeamCountry "SVK"]
[BlackTeamCountry "SVK"]

1. d4 d5 2. c4 e6 3. Nc3 Nf6 4. cxd5 exd5 5. Bg5 Nbd7 6. e3 Be7 7. Bd3 0-0 8. Nge2 c6 9. Qc2 h6 10. Bh4 Ne8 11. Bg3 Ndf6 12. 0-0 Bg4 13. f3 Be6 14. e4 dxe4 15. fxe4 Rc8 16. Qd2 Bg4 17. h3 Bh5 18. Bf2 g5 19. Rae1 Ng7 20. Bb1 Bg6 21. Ng3 Kh7 22. Be3 Nfh5 23. Nxh5 Nxh5 24. Qf2 Qc7 25. e5 Bxb1 26. Rxb1 f5 27. Qc2 Ng7 28. Rf3 Kh8 29. g3 Qd7 30. Rd1 Qe6 31. Qf2 Qg6 32. d5 f4 33. Bxa7 Nf5 34. g4 Nh4 35. Rfd3 Bb4 36. Qe2 Bxc3 37. Rxc3 f3 38. Qd3 Qf7 39. Bf2 Ng2 40. Qd4 Qf4 41. Qxf4 Nxf4 42. d6 Nd5 43. e6 Rcd8 44. Rxd5 Rfe8 45. e7 cxd5 46. d7 Kh7 47. dxe8Q Rxe8 48. Bc5 b6 49. Ba3 Kg6 50. Rxf3 1-0

[Event "SVK-ch Seniors 65"]
[Site "Tatranske Matliare"]
[Date "2022.05.28"]
[Round "1"]
[White "Petran, Peter"]
[Black "Sutak, Andrej"]
[Result "1-0"]
[WhiteElo "2225"]
[BlackElo "1773"]
[PlyCount "129"]
[EventDate "2022.05.28"]
[EventType "swiss"]
[EventRounds "9"]
[EventCountry "SVK"]
[SourceTitle "EXT 2024"]
[Source "ChessBase"]
[SourceDate "2023.10.10"]
[SourceVersion "1"]
[SourceVersionDate "2023.10.10"]
[SourceQuality "1"]

1. c4 c5 2. g3 e5 3. Bg2 Nc6 4. Nc3 Nf6 5. e3 Be7 6. Nge2 0-0 7. d4 cxd4 8. exd4 exd4 9. Nxd4 Bb4 10. 0-0 Bxc3 11. bxc3 Ne5 12. Qb3 d6 13. Ba3 a6 14. c5 dxc5 15. Bxc5 Re8 16. Rab1 Ned7 17. Ba3 Ne4 18. Rbd1 Qf6 19. Qc2 Qg6 20. Rfe1 Nef6 21. Rxe8+ Nxe8 22. Nf5 Qe6 23. Ne7+ Kh8 24. Nxc8 Rxc8 25. Bxb7 Rb8 26. Bd5 Qf6 27. c4 Nc7 28. Be4 Nf8 29. Rd2 Nce6 30. Bb2 Qh6 31. Bd5 Ng5 32. h4 Nge6 33. Re2 Rd8 34. Qc3 Qg6 35. Kh2 Qh6 36. Qe3 Qxe3 37. Rxe3 Rb8 38. Rb3 Rxb3 39. axb3 Nc5 40. b4 Nd3 41. Bc3 Nxf2 42. Bxf7 Ne4 43. Bd4 Nd6 44. Bd5 Nd7 45. c5 Nb5 46. Bb2 Nf6 47. Bb7 Nc7 48. Kg2 Kg8 49. Be5 Nfd5 50. Kf3 Kf7 51. Ke4 Nf6+ 52. Kd3 Nfe8 53. Kc4 Ke6 54. Bf4 Kd7 55. c6+ Ke6 56. Bc8+ Ke7 57. Kc5 Kd8 58. Bf5 h6 59. Be5 Ke7 60. Bd7 Kf8 61. Bxe8 Nxe8 62. Kb6 Ke7 63. Kxa6 Kd8 64. c7+ Kd7 65. Kb7 1-0

[Event "SVK-chT2D 1718"]
[Site "Slovakia"]
[Date "2018.01.14"]
[Round "6.3"]
[White "Dujava, Jonas"]
[Black "Sutak, Andrej"]
[Result "1-0"]
[WhiteElo "1976"]
[BlackElo "1865"]
[PlyCount "75"]
[EventDate "2017.10.28"]
[EventType "team-tourn"]
[EventRounds "11"]
[EventCountry "SVK"]
[SourceTitle "EXT 2019"]
[Source "ChessBase"]
[SourceDate "2018.10.10"]
[SourceVersion "1"]
[SourceVersionDate "2018.10.10"]
[SourceQuality "1"]
[WhiteTeam "Presov Slavia"]
[BlackTeam "Humenne Reinter"]
[WhiteTeamCountry "SVK"]
[BlackTeamCountry "SVK"]

1. e4 e5 2. Nf3 Nc6 3. Bc4 Bc5 4. 0-0 d6 5. c3 Nf6 6. d4 exd4 7. cxd4 Bb6 8. Bf4 Bg4 9. d5 Ne7 10. h3 Bh5 11. Qa4+ Qd7 12. Bb5 c6 13. dxc6 bxc6 14. Be2 0-0 15. Rd1 d5 16. Nc3 Bxf3 17. Bxf3 Ng6 18. Bg3 d4 19. e5 Qe6 20. exf6 dxc3 21. fxg7 Kxg7 22. bxc3 Qf6 23. c4 Rac8 24. Bd6 Rg8 25. c5 Bd8 26. Bg4 Ra8 27. Qxc6 Ba5 28. Rab1 Bc3 29. Rb3 Be5 30. Rf3 Qh4 31. g3 Qh6 32. Be7 Nxe7 33. Rxf7+ Kxf7 34. Qxh6 Bf6 35. Bh5+ Ng6 36. Qxh7+ Rg7 37. Rd7+ Ke8 38. Rxg7 1-0

[Event "SVK-chT2D 1718"]
[Site "Slovakia"]
[Date "2017.10.28"]
[Round "1.6"]
[White "Janov, Marian"]
[Black "Sutak, Andrej"]
[Result "1-0"]
[WhiteElo "1920"]
[BlackElo "1865"]
[PlyCount "163"]
[EventDate "2017.10.28"]
[EventType "team-tourn"]
[EventRounds "11"]
[EventCountry "SVK"]
[SourceTitle "EXT 2019"]
[Source "ChessBase"]
[SourceDate "2018.10.10"]
[SourceVersion "1"]
[SourceVersionDate "2018.10.10"]
[SourceQuality "1"]
[WhiteTeam "Poprad LS VD"]
[BlackTeam "Humenne Reinter"]
[WhiteTeamCountry "SVK"]
[BlackTeamCountry "SVK"]

1. e4 e5 2. Nf3 Nc6 3. d4 exd4 4. Nxd4 Bc5 5. Be3 Bxd4 6. Bxd4 Nxd4 7. Qxd4 Qf6 8. c3 Qxd4 9. cxd4 Nf6 10. Nc3 0-0 11. Bc4 c6 12. 0-0 b5 13. Bd3 d6 14. a3 a6 15. Rfe1 Bb7 16. e5 dxe5 17. dxe5 Nd7 18. Bf5 Nc5 19. Rac1 g6 20. Bb1 Nb3 21. Rcd1 Rad8 22. Ne4 c5 23. Nd6 Ba8 24. Ba2 Nd4 25. b4 Kg7 26. bxc5 Nc2 27. Re2 Nxa3 28. Red2 Rb8 29. Rc1 Bc6 30. Bd5 Bxd5 31. Rxd5 Nc4 32. c6 Nb6 33. Rdd1 Nc8 34. c7 Ra8 35. Ra1 Ra7 36. Nxb5 Rb7 37. Nd6 Rxc7 38. Nxc8 Rfxc8 39. Rxa6 Rc1 40. Rad6 R1c2 41. f4 Re2 42. R6d2 Re4 43. g3 g5 44. fxg5 Rxe5 45. h4 Rc3 46. Rd3 Rc2 47. R1d2 Rc1+ 48. Kg2 Rce1 49. Rf2 Re7 50. Rdf3 R1e5 51. Rf6 Rc5 52. Kh3 Rb5 53. R6f5 Rb4 54. R2f4 Rb3 55. h5 Rb6 56. Kg4 Rb8 57. Rf6 Rbb7 58. Rc4 Rb3 59. Rc8 h6 60. gxh6+ Kh7 61. Rf8 Rb4+ 62. Kg5 Rb5+ 63. Rf5 Rbb7 64. Rc8 Rb6 65. g4 Ra6 66. Rc4 Raa7 67. Rc6 Rab7 68. Rcf6 Ra7 69. Kh4 Rab7 70. Rg5 Ra7 71. Rg7+ Kh8 72. Rc6 Ra8 73. Kg5 Rf8 74. Kf6 Re4 75. Rc7 Rfe8 76. Rcxf7 R8e6+ 77. Kg5 R6e5+ 78. Kh4 Rxg4+ 79. Rxg4 Rxh5+ 80. Kg3 Rh3+ 81. Kf2 Rf3+ 82. Rxf3 1-0

[Event "SVK-chT2D 1314"]
[Site "Slovakia"]
[Date "2014.01.11"]
[Round "5.6"]
[White "Butala, Stefan"]
[Black "Sutak, Andrej"]
[Result "1-0"]
[WhiteElo "1942"]
[BlackElo "1926"]
[PlyCount "72"]
[EventDate "2013.10.19"]
[EventType "team-tourn"]
[EventRounds "11"]
[EventCountry "SVK"]
[SourceTitle "EXT 2015"]
[Source "ChessBase"]
[SourceDate "2014.11.20"]
[SourceVersion "1"]
[SourceVersionDate "2014.11.20"]
[SourceQuality "1"]
[WhiteTeam "Velke Kapusany"]
[BlackTeam "Humenne II"]
[WhiteTeamCountry "SVK"]
[BlackTeamCountry "SVK"]

1. d4 d5 2. c4 e6 3. Nc3 Nf6 4. Bg5 Nbd7 5. a3 c6 6. e3 Be7 7. Nf3 0-0 8. Bd3 b6 9. 0-0 Bb7 10. Rc1 Rc8 11. Qe2 dxc4 12. Bxc4 Nd5 13. Bxe7 Qxe7 14. Rfe1 Kh8 15. Ba2 f5 16. Bb1 Qf6 17. Qd3 Qh6 18. Ne2 N7f6 19. Ne5 Ne4 20. Ba2 Qh4 21. g3 Qh6 22. Bxd5 exd5 23. b4 g5 24. Rc2 Qg7 25. f3 Nd6 26. Rec1 c5 27. bxc5 bxc5 28. Rxc5 Rxc5 29. Rxc5 Nc4 30. f4 Ba6 31. Qc3 Nxe5 32. dxe5 Bxe2 33. Rc7 Qg6 34. e6+ Kg8 35. Qe5 Re8 36. e7 Qg7 1-0

[Event "SVK-chT2D 1314"]
[Site "Slovakia"]
[Date "2013.11.24"]
[Round "4.4"]
[White "Sutak, Andrej"]
[Black "Pavlik, Milan"]
[Result "0-1"]
[WhiteElo "1926"]
[BlackElo "1883"]
[PlyCount "87"]
[EventDate "2013.10.19"]
[EventType "team-tourn"]
[EventRounds "11"]
[EventCountry "SVK"]
[SourceTitle "EXT 2015"]
[Source "ChessBase"]
[SourceDate "2014.11.20"]
[SourceVersion "1"]
[SourceVersionDate "2014.11.20"]
[SourceQuality "1"]
[WhiteTeam "Humenne II"]
[BlackTeam "Sabinov II"]
[WhiteTeamCountry "SVK"]
[BlackTeamCountry "SVK"]

1. e4 c5 2. c3 d5 3. exd5 Qxd5 4. d4 cxd4 5. cxd4 Nc6 6. Be3 Nf6 7. Nc3 Qa5 8. Nf3 e6 9. Bd3 Bb4 10. Bd2 Nd5 11. Qb3 0-0 12. 0-0 Rd8 13. a3 Bd6 14. Qd1 Qb6 15. Bxh7+ Kf8 16. Ne4 Qxb2 17. Nfg5 Qxd4 18. Qh5 g6 19. Bxg6 fxg6 20. Qh7 Ne5 21. Qh8+ Ke7 22. Qg7+ Ke8 23. Nf6+ Nxf6 24. Qxf6 Be7 25. Qh8+ Kd7 26. Qh3 Qg4 27. Bf4 Qxh3 28. Nxh3 Nc6 29. Rfe1 Ke8 30. Bh6 e5 31. Ng5 Bxg5 32. Bxg5 Rd5 33. f4 Kf7 34. fxe5 Nxe5 35. Rf1+ Kg8 36. h4 Bg4 37. Rac1 Rc8 38. Rxc8+ Bxc8 39. Rc1 Nc6 40. Re1 Kf7 41. Rf1+ Rf5 42. Rc1 a6 43. Rc4 Be6 44. g4 0-1

[Event "SVK-chT2D 1314"]
[Site "Slovakia"]
[Date "2013.10.20"]
[Round "2.5"]
[White "Hagara, Eduard"]
[Black "Sutak, Andrej"]
[Result "1/2-1/2"]
[WhiteElo "1823"]
[BlackElo "1926"]
[PlyCount "25"]
[EventDate "2013.10.19"]
[EventType "team-tourn"]
[EventRounds "11"]
[EventCountry "SVK"]
[SourceTitle "EXT 2015"]
[Source "ChessBase"]
[SourceDate "2014.11.20"]
[SourceVersion "1"]
[SourceVersionDate "2014.11.20"]
[SourceQuality "1"]
[WhiteTeam "Kezmarok II"]
[BlackTeam "Humenne II"]
[WhiteTeamCountry "SVK"]
[BlackTeamCountry "SVK"]

1. b3 e6 2. Bb2 Nc6 3. e3 d5 4. Bb5 Bd6 5. Nf3 Qf6 6. h3 Nge7 7. Nc3 0-0 8. Bxc6 bxc6 9. Ne2 Ng6 10. Ng3 Qe7 11. 0-0 f5 12. d3 Bd7 13. Ne2 1/2-1/2

[Event "Tatry op"]
[Site "Tatranske Zruby"]
[Date "2012.09.28"]
[Round "7"]
[White "Sutak, Andrej"]
[Black "Hrivnakova, Anna"]
[Result "1-0"]
[WhiteElo "1966"]
[BlackElo "1698"]
[PlyCount "103"]
[EventDate "2012.09.23"]
[EventType "swiss"]
[EventRounds "9"]
[EventCountry "SVK"]
[SourceTitle "EXT 2023"]
[Source "ChessBase"]
[SourceDate "2022.10.05"]
[SourceVersion "1"]
[SourceVersionDate "2022.10.05"]
[SourceQuality "1"]

1. e4 c5 2. c3 Nc6 3. d4 cxd4 4. cxd4 d5 5. e5 e6 6. Nf3 Qb6 7. Bd3 Bb4+ 8. Nc3 Nge7 9. 0-0 0-0 10. Be3 Bxc3 11. bxc3 Qc7 12. Rc1 Na5 13. Bxh7+ Kh8 14. Ng5 g6 15. Qg4 Kg7 16. Qh3 Nf5 17. g4 Nxe3 18. fxe3 f5 19. exf6+ Rxf6 20. Rxf6 Kxf6 21. Qh6 Ke7 22. Bxg6 Bd7 23. Nf7 Bb5 24. e4 dxe4 25. Qg5+ Kf8 26. Qxb5 Qf4 27. Qc5+ Kg8 28. Qg5 Qxg5 29. Nxg5 e3 30. Nxe6 Nc4 31. Kf1 Kh8 32. Ke2 Rg8 33. Bf5 b5 34. h3 Rb8 35. Bd3 a6 36. Bxc4 bxc4 37. Kxe3 Re8 38. d5 Kg8 39. Kd4 Rc8 40. Rf1 Kh7 41. h4 Kg6 42. h5+ Kh6 43. Rf6+ Kh7 44. g5 a5 45. Rf7+ Kg8 46. Rf8+ Rxf8 47. Nxf8 Kxf8 48. d6 a4 49. h6 a3 50. d7 Ke7 51. h7 Kf7 52. h8Q 1-0

[Event "SVK-ch Seniors"]
[Site "Tatranske Matliare"]
[Date "2012.06.04"]
[Round "4"]
[White "Drabek, Miloslav"]
[Black "Sutak, Andrej"]
[Result "1-0"]
[WhiteElo "2003"]
[BlackElo "1954"]
[PlyCount "87"]
[EventDate "2012.06.02"]
[EventType "swiss"]
[EventRounds "9"]
[EventCountry "SVK"]
[SourceTitle "EXT 2014"]
[Source "ChessBase"]
[SourceDate "2013.11.20"]
[SourceVersion "1"]
[SourceVersionDate "2013.11.20"]
[SourceQuality "1"]

1. d4 d5 2. Nf3 Nf6 3. c4 e6 4. g3 Nbd7 5. Nbd2 c6 6. Bg2 Bd6 7. 0-0 0-0 8. Qc2 e5 9. cxd5 cxd5 10. dxe5 Bxe5 11. Nxe5 Nxe5 12. Nf3 Nxf3+ 13. Bxf3 Be6 14. Rd1 Rc8 15. Qa4 a6 16. Bf4 Rc4 17. Qxc4 dxc4 18. Rxd8 Rxd8 19. Bxb7 Nh5 20. Be3 Rb8 21. Bf3 Nf6 22. Bd4 Nd5 23. Rc1 Ne7 24. Bc3 f6 25. Rd1 a5 26. Rd6 Kf7 27. Ra6 Rd8 28. Rxa5 Rd1+ 29. Kg2 Nd5 30. Ra7+ Kg6 31. Ba5 Ra1 32. e4 c3 33. Bxc3 Nxc3 34. bxc3 Bc4 35. h4 Bf1+ 36. Kh2 Rc1 37. Ra3 Rc2 38. g4 Rxf2+ 39. Kg3 Rd2 40. Kf4 Bc4 41. e5 fxe5+ 42. Kxe5 Bxa2 43. Ra6+ Kf7 44. Rxa2 1-0

[Event "SVK-ch Seniors-A"]
[Site "Tatranske Matliare"]
[Date "2010.06.??"]
[Round "7"]
[White "Sutak, Andrej"]
[Black "Hrcka, Pavol"]
[Result "1-0"]
[WhiteElo "1947"]
[BlackElo "1783"]
[PlyCount "143"]
[EventDate "2010.06.06"]
[EventType "swiss"]
[EventRounds "9"]
[EventCountry "SVK"]
[SourceTitle "EXT 2023"]
[Source "ChessBase"]
[SourceDate "2022.10.05"]
[SourceVersion "1"]
[SourceVersionDate "2022.10.05"]
[SourceQuality "1"]

1. e4 e5 2. Nf3 Nc6 3. Bc4 Nf6 4. d3 d5 5. exd5 Nxd5 6. 0-0 Be7 7. Be3 0-0 8. Nbd2 Bg4 9. h3 Bh5 10. Qe1 Kh8 11. g4 Bg6 12. Ne4 a6 13. Kh2 Nxe3 14. fxe3 b5 15. Bb3 a5 16. a4 b4 17. Rd1 f5 18. gxf5 Bxf5 19. Ng3 Qd6 20. e4 Bd7 21. Qe3 Rf4 22. Ne2 Rf6 23. Ng5 Nd8 24. Ng3 h6 25. Nf3 Nc6 26. Nh5 Raf8 27. Nxf6 Rxf6 28. Ng1 Rf4 29. c3 Bg5 30. Nf3 Qf6 31. Qe2 Bh4 32. Qg2 Ne7 33. Nxh4 Qxh4 34. Qg3 Qf6 35. Rxf4 exf4 36. Qf3 bxc3 37. e5 Qxe5 38. d4 Qe3 39. Qxe3 fxe3 40. Re1 cxb2 41. Bc2 Nd5 42. Kg3 Nb4 43. Bb1 Bxa4 44. Re2 Bb5 45. Rxb2 e2 46. Kf2 Nd3+ 47. Bxd3 Bxd3 48. Ra2 Bf5 49. h4 g5 50. hxg5 hxg5 51. Kxe2 Kg7 52. Rxa5 Kg6 53. Rc5 g4 54. Kf2 Kg5 55. Kg3 Kf6 56. Rxc7 Ke6 57. Rc5 Kf6 58. Kf4 Bd7 59. d5 Ke7 60. Ke5 g3 61. Rc3 g2 62. Rg3 Bh3 63. Rg5 Kd7 64. Rg7+ Ke8 65. Kd6 Kf8 66. Rg3 Ke8 67. Kc7 Bf5 68. Rxg2 Be4 69. Rg5 Bc2 70. d6 Ba4 71. Re5+ Kf7 72. d7 1-0

[Event "SVK-chT2D 0910"]
[Site "Slovakia"]
[Date "2010.02.28"]
[Round "11.6"]
[White "Sutak, Andrej"]
[Black "Kmit, Jozef"]
[Result "0-1"]
[WhiteElo "2033"]
[BlackElo "2060"]
[PlyCount "96"]
[EventDate "2009.10.10"]
[EventType "team"]
[EventRounds "11"]
[EventCountry "SVK"]
[SourceTitle "EXT 2011"]
[Source "ChessBase"]
[SourceDate "2010.11.26"]
[SourceVersion "1"]
[SourceVersionDate "2010.11.26"]
[SourceQuality "1"]
[WhiteTeam "Humenne"]
[BlackTeam "Magura Zborov"]
[WhiteTeamCountry "SVK"]
[BlackTeamCountry "SVK"]

1. e4 c5 2. c3 Nf6 3. e5 Nd5 4. d4 cxd4 5. cxd4 d6 6. Nf3 Nc6 7. Be2 g6 8. Nc3 Nxc3 9. bxc3 dxe5 10. Nxe5 Nxe5 11. dxe5 Qa5 12. 0-0 Bg7 13. f4 0-0 14. Qb3 Qc5+ 15. Kh1 Be6 16. c4 b6 17. Be3 Qc7 18. Qb4 f6 19. exf6 Bxf6 20. Rac1 Rab8 21. Bf3 Rfd8 22. Be4 Bd4 23. Bd5 Bxe3 24. Bxe6+ Kg7 25. Rce1 Qc5 26. Qc3+ Bd4 27. Qh3 Qh5 28. Qg3 Bf6 29. f5 Rd6 30. Bd5 Qg5 31. Qd3 Rbd8 32. Re6 Rxe6 33. fxe6 b5 34. Qf3 bxc4 35. Bxc4 Rd4 36. Bb3 Rh4 37. g3 Rd4 38. Kg2 a5 39. Kh1 a4 40. Bd1 Qc5 41. Qa8 Qc4 42. Re1 Qxa2 43. Qe8 Qd5+ 44. Kg1 Rxd1 45. Qf7+ Kh6 46. Qf8+ Kh5 47. g4+ Kxg4 48. h3+ Kg3 0-1

[Event "SVK-chT2D 0910"]
[Site "Slovakia"]
[Date "2009.12.12"]
[Round "5.6"]
[White "Gettvert, Vojtech"]
[Black "Sutak, Andrej"]
[Result "1-0"]
[WhiteElo "2034"]
[BlackElo "2033"]
[PlyCount "91"]
[EventDate "2009.10.10"]
[EventType "team"]
[EventRounds "11"]
[EventCountry "SVK"]
[SourceTitle "EXT 2011"]
[Source "ChessBase"]
[SourceDate "2010.11.26"]
[SourceVersion "1"]
[SourceVersionDate "2010.11.26"]
[SourceQuality "1"]
[WhiteTeam "Kosice Slavia III"]
[BlackTeam "Humenne"]
[WhiteTeamCountry "SVK"]
[BlackTeamCountry "SVK"]

1. e4 e5 2. Nc3 Nc6 3. f4 d6 4. Nf3 Nf6 5. d3 Be7 6. Be2 0-0 7. 0-0 b6 8. Qe1 Nd4 9. Nxd4 exd4 10. Nd1 Bb7 11. Qg3 Kh8 12. Nf2 g6 13. Nh3 Ne8 14. f5 Rg8 15. fxg6 Rxg6 16. Qf2 Ng7 17. Nf4 Rf6 18. Qxd4 c5 19. Qc3 Kg8 20. Be3 d5 21. Nxd5 Rxf1+ 22. Rxf1 Bxd5 23. exd5 Qxd5 24. Bf3 Qe6 25. Bxa8 Qxe3+ 26. Kh1 Bh4 27. Qc4 Qe7 28. Bd5 Kh8 29. Bxf7 h6 30. Qf4 Bg5 31. Qb8+ Qd8 32. Qxd8+ Bxd8 33. Bg6 Ne6 34. Rf7 Bg5 35. Rxa7 Nd4 36. c3 Ne2 37. Rb7 c4 38. d4 Nf4 39. Be4 Nd3 40. Bf3 Nxb2 41. Rxb6 Na4 42. Rb4 Nxc3 43. Rxc4 Nb1 44. d5 Kg7 45. d6 Kf6 46. d7 1-0

[Event "SVK-chT2D 0910"]
[Site "Slovakia"]
[Date "2009.11.08"]
[Round "4.6"]
[White "Sutak, Andrej"]
[Black "Neugebauer, Martin"]
[Result "1/2-1/2"]
[WhiteElo "2033"]
[BlackElo "1942"]
[PlyCount "103"]
[EventDate "2009.10.10"]
[EventType "team"]
[EventRounds "11"]
[EventCountry "SVK"]
[SourceTitle "EXT 2011"]
[Source "ChessBase"]
[SourceDate "2010.11.26"]
[SourceVersion "1"]
[SourceVersionDate "2010.11.26"]
[SourceQuality "1"]
[WhiteTeam "Humenne"]
[BlackTeam "Kosice Slavia IV"]
[WhiteTeamCountry "SVK"]
[BlackTeamCountry "SVK"]

1. e4 c5 2. c3 Nf6 3. e5 Nd5 4. d4 cxd4 5. cxd4 Nc6 6. Nf3 d6 7. exd6 Bg4 8. Be2 e6 9. d7+ Qxd7 10. 0-0 Bd6 11. Nc3 Nxc3 12. bxc3 0-0 13. h3 Bh5 14. Be3 Rac8 15. Nh4 Bxe2 16. Qxe2 Ne7 17. c4 Bb8 18. Rac1 Rfd8 19. f4 Qd6 20. g4 g5 21. Nf3 gxf4 22. Bf2 Ng6 23. h4 Kh8 24. h5 Ne7 25. Ne5 Rf8 26. Qf3 f6 27. Nd3 Nc6 28. d5 Ne5 29. Nxe5 fxe5 30. Rfd1 Rg8 31. Kh2 e4 32. Qc3+ e5 33. Kh3 e3 34. Bh4 Rcf8 35. Rg1 Bc7 36. Qb2 Bb6 37. c5 Qxd5 38. cxb6 Qd4 39. Qxd4 exd4 40. Rcd1 f3 41. Rxd4 f2 42. Bxf2 exf2 43. Rf1 axb6 44. Kg3 Rg5 45. Rxf2 Rxf2 46. Kxf2 Ra5 47. h6 Kg8 48. a4 b5 49. Rd5 Rxa4 50. Rxb5 Rf4+ 51. Kg3 Rf7 52. Kh4 1/2-1/2

[Event "SVK-ch Seniors-A"]
[Site "Tatranske Matliare"]
[Date "2009.??.??"]
[Round "2"]
[White "Lonc, Augustin"]
[Black "Sutak, Andrej"]
[Result "1/2-1/2"]
[WhiteElo "1875"]
[BlackElo "2045"]
[PlyCount "103"]
[EventDate "2009.05.31"]
[EventType "swiss"]
[EventRounds "9"]
[EventCountry "SVK"]
[SourceTitle "EXT 2023"]
[Source "ChessBase"]
[SourceDate "2022.10.05"]
[SourceVersion "1"]
[SourceVersionDate "2022.10.05"]
[SourceQuality "1"]

1. c4 c5 2. Nf3 Nf6 3. g3 Nc6 4. Nc3 e5 5. d3 Be7 6. Bg2 0-0 7. 0-0 d6 8. Bg5 Rb8 9. a3 Be6 10. Nd2 h6 11. Bxf6 Bxf6 12. Nd5 Bxd5 13. cxd5 Ne7 14. Rb1 b5 15. Qb3 a5 16. Ne4 Nf5 17. Nxf6+ Qxf6 18. e3 h5 19. Qd1 Qh6 20. Qf3 Ne7 21. h4 f5 22. Qe2 Rbe8 23. Qd2 f4 24. e4 fxg3 25. Qxh6 gxf2+ 26. Rxf2 gxh6 27. Bf3 Ng6 28. Bxh5 Rxf2 29. Kxf2 Rf8+ 30. Ke3 Nxh4 31. Rg1+ Kh7 32. Ke2 Rf4 33. Be8 b4 34. axb4 axb4 35. Bh5 Rf6 36. Ra1 Ng2 37. Ra7+ Kg8 38. Bg4 Nf4+ 39. Ke3 h5 40. Bf5 Nxd5+ 41. Kf3 Nf4 42. Kg3 Nxd3 43. Kh4 Nf4 44. Kg5 Rf7 45. Ra6 d5 46. exd5 Rg7+ 47. Kf6 Nxd5+ 48. Kxe5 Rg5 49. Rg6+ Rxg6 50. Bxg6 Kg7 51. Bxh5 Ne3 52. Ke4 1/2-1/2

[Event "SVK-ch Seniors-A"]
[Site "Tatranske Matliare"]
[Date "2009.??.??"]
[Round "5"]
[White "Sutak, Andrej"]
[Black "Rucka, Alois"]
[Result "1-0"]
[WhiteElo "2045"]
[BlackElo "1902"]
[PlyCount "77"]
[EventDate "2009.05.31"]
[EventType "swiss"]
[EventRounds "9"]
[EventCountry "SVK"]
[SourceTitle "EXT 2023"]
[Source "ChessBase"]
[SourceDate "2022.10.05"]
[SourceVersion "1"]
[SourceVersionDate "2022.10.05"]
[SourceQuality "1"]

1. e4 c5 2. c3 Nf6 3. e5 Nd5 4. d4 cxd4 5. cxd4 e6 6. Nc3 Bb4 7. Bd2 Nxc3 8. bxc3 Be7 9. Bd3 d5 10. f4 g6 11. Nf3 Nc6 12. 0-0 Bd7 13. Ng5 Bf8 14. Qg4 Ne7 15. Qh3 h6 16. a4 Bg7 17. Nf3 a6 18. Kh1 Bc6 19. g4 Qd7 20. Bc2 b5 21. a5 0-0-0 22. Ne1 h5 23. g5 Nf5 24. Nd3 Bf8 25. Rfc1 Be7 26. Nb4 Bb7 27. Bd3 h4 28. Kg1 Kb8 29. Qf1 Rc8 30. Rab1 Bd8 31. Nxa6+ Bxa6 32. Bxb5 Bxb5 33. Rxb5+ Ka8 34. Rcb1 Rc4 35. Rb8+ Ka7 36. a6 Qa4 37. R1b7+ Kxa6 38. Qb1 Ba5 39. Ra7+ 1-0

[Event "SVK-ch Seniors-A"]
[Site "Tatranske Matliare"]
[Date "2009.??.??"]
[Round "1"]
[White "Sutak, Andrej"]
[Black "Vinarcik, Milan"]
[Result "1-0"]
[WhiteElo "2045"]
[BlackElo "1799"]
[PlyCount "57"]
[EventDate "2009.05.31"]
[EventType "swiss"]
[EventRounds "9"]
[EventCountry "SVK"]
[SourceTitle "EXT 2023"]
[Source "ChessBase"]
[SourceDate "2022.10.05"]
[SourceVersion "1"]
[SourceVersionDate "2022.10.05"]
[SourceQuality "1"]

1. e4 e6 2. d4 c6 3. c4 Bb4+ 4. Bd2 Bxd2+ 5. Nxd2 d5 6. cxd5 exd5 7. e5 Qb6 8. Nb3 Ne7 9. Bd3 Bf5 10. Ne2 Nd7 11. 0-0 Rc8 12. Bxf5 Nxf5 13. Qd3 g6 14. Nf4 0-0 15. e6 Nf6 16. Rfe1 Qc7 17. exf7+ Qxf7 18. Nc5 Rfe8 19. Nce6 Ne4 20. f3 Ned6 21. b3 Re7 22. Re5 Rce8 23. Rae1 Qf6 24. g3 Nf7 25. R5e2 Ng5 26. Nxg5 Rxe2 27. Rxe2 Rxe2 28. Qxe2 Qxg5 29. Qe8+ 1-0

[Event "SVK-chT2D 0607"]
[Site "Slovakia"]
[Date "2007.02.04"]
[Round "9.6"]
[White "Demeter, Peter"]
[Black "Sutak, Andrej"]
[Result "1-0"]
[WhiteElo "2282"]
[BlackElo "2032"]
[PlyCount "63"]
[EventDate "2006.10.14"]
[EventType "team-tourn"]
[EventRounds "11"]
[EventCountry "SVK"]
[SourceTitle "EXT 2008"]
[Source "ChessBase"]
[SourceDate "2007.11.25"]
[SourceVersion "1"]
[SourceVersionDate "2007.11.25"]
[SourceQuality "1"]
[WhiteTeam "Sabinov"]
[BlackTeam "Humenne Reinter"]
[WhiteTeamCountry "SVK"]
[BlackTeamCountry "SVK"]

1. c4 c5 2. Nf3 Nc6 3. g3 e6 4. Bg2 d5 5. 0-0 Nf6 6. d3 Be7 7. Nc3 d4 8. Nb5 a6 9. Na3 0-0 10. e3 e5 11. exd4 cxd4 12. Nc2 Bg4 13. h3 Bh5 14. Re1 Qc7 15. a3 a5 16. Rb1 Rab8 17. b4 b5 18. cxb5 Rxb5 19. a4 Rbb8 20. b5 Nb4 21. Nxb4 Bxb4 22. Bd2 Bxd2 23. Qxd2 Nd7 24. Rbc1 Qa7 25. Nxe5 Nxe5 26. Rxe5 Bg6 27. Rce1 Qc7 28. Bc6 f6 29. Re7 Qd6 30. Qxa5 Bxd3 31. Qa7 g5 32. Be4 1-0